000 00522nam a2200205Ia 4500
005 20251120160427.0
008 230125s9999 xx 000 0 und d
020 _a81-7806-122-8
041 _aeng
082 _a158.1
_bPRA
100 _aPrakash L
245 _a100 Minutes That Will Change The Way You Live
260 _c2008
_bUnicorn Books
_aNew Delhi
300 _a127p
500 _aPersonality Development,
650 _aPersonality Development
_9213420
700 _aPrakash L
906 _b9
942 _cBK
999 _c84137
_d84137